000 00576cam a22002053a 4500
001 40332
003 PGUSA
005 20140828083912.0
008 120725s2012||||xxu|||||s|||||000 | eng d
040 _aPGUSA
_beng
042 _adc
100 1 _aCleland, Robert
245 1 2 _aA Rich Man's Relatives (Vol. 2 of 3)
_h[electronic resource] /
_cRobert Cleland
260 _bProject Gutenberg,
_c2012
506 _aPublic domain in the USA.
516 _aElectronic text
830 0 _aProject Gutenberg
_v40332
856 4 0 _uhttp://www.gutenberg.org/ebooks/40332
942 _cEB
999 _c269585
_d269585